Temahefte 6 Ordklassene

Bibliographic Details
Main Authors: Aga, Elsa (Author), Berntzen, John (Author)
Format: Book
Language:Norwegian
PhysicalDescription:31 s. 24 cm
Published: [Oslo] Gyldendal 1989
ISBN:8205152845
Edition:2. oppl.
Series:Norsk i praksis
Subjects:

MARC

LEADER 00000nam a2200000 a 4500
001 vtls001218426
003 SK-MaSNL
005 20260301112439.0
008 251113s1989 NO a 0 nor
020 |a 8205152845  |c [99,00] 
035 |a SNK000162000 
040 |a SNK  |b slo  |c SNK  |e AACR2 
044 |a NO 
080 |a 803.96(075.4)  |2 1981 
100 1 |a Aga, Elsa  |4 aut  |9 379941 
245 1 0 |a Temahefte  |n 6  |p Ordklassene  |c Elsa Aga, John Berntzen 
250 |a 2. oppl. 
260 |a [Oslo]  |b Gyldendal  |c 1989 
300 |a 31 s.  |c 24 cm 
490 1 |a Norsk i praksis 
650 0 7 |a nórčina  |x učebnice kurzov  |2 SNK  |9 379942 
700 1 |a Berntzen, John  |4 aut  |9 379943 
830 0 |a Norsk i praksis  |9 379944 
919 |a 82-05-15284-5 
958 |a OND 
999 |c 710602  |d 712532 
952 |t P60, <04>, [BOOK], {604}  |a SNK  |b SNK  |y VYP  |7 0  |p 17A0006642  |o snkIC 125916/6  |i snkV 1149/96  |0 0  |1 0  |4 0  |d 1996-07-04  |l 0  |r 2005-01-01 00:00:00  |w 2026-02-23